000 00350 a2200157 4500
001 163596
020 _a
040 _cMagnum
100 _aPereira, Regina Lúcia Pontes
240 1 0 _aO aniversário do príncipe
_lpor
245 1 0 _aO aniversário do príncipe
300 _a16
362 0 _a1991
697 _aLITERATURA INFANTO
942 _cBK
999 _c163596
_d163596